000 01392nab a22002417a 4500
999 _c5346
_d5346
003 OSt
005 20250224000344.0
008 190603e xxum|||| |||| 00| 0 spa d
040 _cPJ
100 _94799
_aIturbide, Gabriela A.
245 1 0 _aComentarios sobre el nuevo régimen de locaciones previsto por la ley 27.737, modificatoria del Código Civil y Comercial y de la ley 27.551. ¿Solución real para el grave problema de acceso a la vivienda de los locatarios? /
_cGabriela A. Iturbide.
260 _cCiudad Autónoma de Buenos Aires :
_aThomson Reuters La Ley,
_b2023.
300 _ap. 223-240
500 _aCita Online: TR LALEY AR/DOC/2646/2023.
505 _aSumario: I. Introducción.— II. Incidencia de las modificaciones al Cód. Civ. y Com. efectuadas por la ley 27.551 en materia de locaciones.— III. La nueva ley 27.737 y su impacto en el Cód. Civ. y Com. modificado por la ley 27.551.— IV. Consideraciones finales.
505 _t¿Te interesa el texto completo? Solicitalo al correo: koha@justierradelfuego.gov.ar
650 0 _91497
_aCODIGO CIVIL Y COMERCIAL
650 0 _93597
_aLOCACIÓN DE INMUEBLES
650 0 _93790
_aACTUALIZACIÓN MONETARIA
650 0 _93470
_aMONEDA EXTRANJERA
773 0 _02713
_93170
_dCiudad Autónoma de Buenos Aires : Thomson Reuters La Ley, 2015-
_tRevista Código Civil y Comercial. Nº 6 - Diciembre 2023
942 _2udc
_cANA